000 00724nam a22001577a 4500
003 OSt
005 20150920101753.0
008 150920b xxu||||| |||| 00| 0 eng d
040 _cRUA
082 _aAGR MAK 2008 B037 Or.1
100 _9917
_aMAK, CHANSOPHAL.
245 _acomparison of different mulching on eggplant at royal university of agriculture (ការប្រៀបធៀបគំរបធម្មជាតិ់ និង ប្លាស្ទិចប្រភេទផ្សេងៗ ទៅលើដំណាំត្របវែងនៅសាកលវិទ្យាល័យភូមិន្ទកសិកម្ម)
260 _aPhnom Penh
_bRUA
_c2008
300 _a57p.
_bill.
_c29cm.
942 _2ddc
_cAGR
999 _c884
_d884